| 000 | 00753nam a22002057a 4500 | ||
|---|---|---|---|
| 005 | 20240910142340.0 | ||
| 008 | 240910b ||||| |||| 00| 0 eng d | ||
| 020 | _a9781838661533 (hardback) | ||
| 040 |
_aCO-BoUCM _cDavid Moreno _dDavid Moreno |
||
| 041 | _aeng | ||
| 100 | 1 |
_aKlemp, Klaus _d1954- _9182608 |
|
| 245 | 1 | 0 |
_aDieter Rams _b the complete works _cKlaus Klemp |
| 260 |
_aNew York, NY _bPhaidon Press Inc _c2020 |
||
| 300 |
_a343 Paginas _bilustraciones a color |
||
| 504 | _aIncluye referencias bibliográficas e índices | ||
| 600 | 1 | 0 |
_aRams, Dieter _vCatálogos _zAlemania _9182609 |
| 650 | 1 | 4 |
_aDiseño industrial _ySiglo XX _zAlemania _9182610 |
| 942 |
_2DEWEY _a17 _cLIBRO _e1 _h745.2 _mK64d _n0 |
||
| 999 |
_c324692 _d324692 |
||